000 00572nam a2200193Ia 4500
003 GCL
008 140319s9999 xx 000 0 ara d
040 _aGCL /
_cGCL
082 0 4 _a415.1
_bم ج
100 1 _aمحمد حماسة عبداللطيف
245 1 0 _aالجملة فى الشعر العربى /
_cمحمد حماسة عبداللطيف
260 _a[S.N] :
_bمكتبة الخانجى ،
_c1990
300 _a238 ص
490 _a
650 0 4 _aالشعر العربى
650 0 4 _aالنحو
650 0 4 _aاللغة العربية
942 _2ddc
_cBK
999 _c36854
_d36854